Y lo seguimos en comunidad
Guardat en:
| Autor corporatiu: | |
|---|---|
| Format: | Llibre |
| Idioma: | espanyol |
| Publicat: |
Santiago
INPAS
2011
|
| Edició: | 1a. ed |
| Col·lecció: | El Señor Sale a Nuestro Encuentro
|
| Matèries: | |
| Etiquetes: |
Afegir etiqueta
Sense etiquetes, Sigues el primer a etiquetar aquest registre!
|
MARC
| LEADER | 00000cam a2200000 a 4500 | ||
|---|---|---|---|
| 001 | UCF9006 | ||
| 003 | CL-VaPUC | ||
| 008 | 131018e20110000cl |||||||||||||||||spa|d | ||
| 020 | |a 9789568621506 | ||
| 082 | 0 | 4 | |a 268.4 |b INS |2 21 |
| 110 | 2 | |a Instituto Pastoral Apóstol Santiago |e author |9 571150 | |
| 245 | 1 | 0 | |a Y lo seguimos en comunidad |
| 250 | |a 1a. ed | ||
| 300 | |a 201 p | ||
| 942 | |c BK | ||
| 945 | |d 20131018 14:00:00 |a dcastane | ||
| 260 | |a Santiago |b INPAS |c 2011 | ||
| 650 | 0 | |a Educación religiosa |9 308312 | |
| 650 | 0 | |a Catequesis |9 314526 | |
| 650 | 0 | |a Catecismo |9 333878 | |
| 650 | 0 | |a Métodos de enseñanza |9 270413 | |
| 583 | |a last modification |c 20131022 04:32:53 |k Rodrigo Vera | ||
| 490 | 0 | |a El Señor Sale a Nuestro Encuentro | |
| 999 | |c 353492 |d 353490 | ||
| 952 | |0 0 |1 0 |3 erb |4 0 |6 268_400000000000000_INS_2011 |7 0 |8 A |9 458792 |a BIBTEO |b BIBTEO |d 2019-11-23 |i 5016436 |o 268.4 INS 2011 |p 5016436 |r 2025-01-17 |w 2019-11-23 |y BK |z Catalogado en:20131018 |k ICR | ||
| 952 | |0 0 |1 0 |3 erb |4 0 |6 268_400000000000000_INS_2011 |7 0 |8 A |9 458793 |a BIBTEO |b BIBTEO |d 2019-11-23 |i 5016444 |o 268.4 INS 2011 |p 5016444 |r 2025-01-17 |w 2019-11-23 |y BK |z Catalogado en:20131018 |k ICR | ||